000 00672nam a2200217 a 4500
001 000042863
005 20201002040444.0
008 140211s1986 sp 000 0 spa d
020 _a8434582465
040 _aDO-SdBNP
_bspa
_cBNPHU
041 1 7 _aspa
_heng
082 _axxx
_bxxx
100 1 _aKruif, Paul de
_970263
240 1 0 _aMicrobe hunters.
_lEspañol
245 1 0 _aCazadores de microbios /
_cPaul de Kruif ; traducción Federico Portillo.
260 _aBarcelona :
_bSalvat,
_c1986.
300 _a350 p. ;
_c19 cm.
490 1 _aBiblioteca cientifica salvat
_v35
700 1 2 _aPortillo, Federico
_etr.
_970264
830 0 _aBiblioteca cientifica salvat
_n35
_970265
999 _c42352
_d42352